| 000 | 00817nam a2200133Ia 4500 | ||
|---|---|---|---|
| 008 | 220615s9999||||xx |||||||||||||| ||und|| | ||
| 020 | _a9783040000000 | ||
| 245 | 0 | _aRegulatory Data Science for Medical Devices | |
| 546 | _aEnglish[eng] | ||
| 650 | _amedical technology||digital healthcare||data science||regulations||machine learning||software||medical device regulations||healthcare provider||software as medical device||technology translation||quality management system||law||medical devices||regulatory data science||natural language processing||linguistic analysis||optimisation||medical device||ecodesign||environmental impact||classification||healthcare||innovation||regulation||decision tree complexity||n/a | ||
| 700 | _aBergmann, Jeroen | ||
| 856 | _uhttps://mdpi.com/books/pdfview/book/5395 | ||
| 942 | _cEB | ||
| 999 |
_c13637 _d13637 |
||